| 000 | 01044nam a2200277Ia 4500 | ||
|---|---|---|---|
| 003 | OSt | ||
| 005 | 20221005103750.0 | ||
| 006 | a|||||r|||| 00| 0 | ||
| 007 | ta | ||
| 008 | 221004b |||||||| |||| 00| 0 hin d | ||
| 020 |
_a9788189982733 (hbk) _cIndian Rupees 300 |
||
| 024 | _a33854 | ||
| 037 |
_bGift, 05/10/2017, _cTextual |
||
| 040 |
_aCRL _cCRL _bhin |
||
| 041 |
_2hin _ahin |
||
| 082 | _aO111,3x, 152Q2 | ||
| 100 | _aजैन, उर्मिला, संपा. | ||
| 245 | 0 | _aअफ्रीका रोड तथा अन्य कहानियां | |
| 246 | _aAfrīkā roḍ tathā anya kahāniyāan | ||
| 260 |
_aदिल्ली _bआर्य प्रकाशन मंडल भारत _c2012 |
||
| 300 |
_a175पृ0 _ccm. |
||
| 650 | _a अंग्रेजी साहित्य | ||
| 650 | _aअंग्रेजी कहानी | ||
| 942 |
_hO111,3x, 152Q2 _cTEXL _2cc |
||
| 999 |
_c1010837 _d1010837 |
||